Welcome to the Holygrace Academy Library

Please use search bar below to get started

AT BERTAM'S HOTEL (Record no. 2978)

MARC details
000 -LEADER
fixed length control field 00609nam a22001457a 4500
020 ## - INTERNATIONAL STANDARD BOOK NUMBER
ISBN 978-0-00-729968-3
082 ## - DEWEY DECIMAL CLASSIFICATION NUMBER
Classification number 823
Item number CHR/B
100 ## - MAIN ENTRY--AUTHOR NAME
Personal name CHRISTIE, AGATHA
245 ## - TITLE STATEMENT
Title AT BERTAM'S HOTEL
260 ## - PUBLICATION, DISTRIBUTION, ETC. (IMPRINT)
Place of publication LONDON
Name of publisher HARPER COLLINS
Year of publication 2002
300 ## - PHYSICAL DESCRIPTION
Number of Pages 320
520 ## - SUMMARY, ETC.
Summary, etc This novel features one of Ms. Christie's beloved characters, Miss Jane Marple. Miss Marple is staying at a London hotel, Bertram's, as a gift from a niece. While there, Miss Marple begins noticing unusual things involving the staff and guests, especially the notorious Lady Bess Sedgwick.
650 ## - SUBJECT ADDED ENTRY--TOPICAL TERM
Topical Term NOVEL
Geographic subdivision UNITED KINGDOM
942 ## - ADDED ENTRY ELEMENTS (KOHA)
Koha item type Books
Holdings
Withdrawn status Lost status Collection code Home library Current library Shelving location Date acquired Source of acquisition Full call number Accession Number Koha item type
    Fiction Main Library Main Library SHELF-14C- ALPHABETICAL -C--ENGLISH NOVELS & FICTIONS 10/10/2012 purchase 823 CHR/B 07110 Books